• 首页
  • 本馆介绍
  • 公告通知
  • 最新文献
  • 馆藏检索
  • 电子资源
  • 读者导购
  • 参考咨询
  • 我的图书馆
  • 登录
  • 详细信息显示
  • 放入我的书架
  • 预约/预借图书
  • 作者相关作品
  • 分类相关作品
  • 丛书相关作品
  • 出版社相关作品

书目信息

  • 表格格式
  • 工作单格式
  • 卡片格式
题名:
教育的目的
    
 
作者: 怀特海 著 ;严中慧 译
分册:  
出版信息: 上海   华东师范大学出版社  2020.07
页数: 200页
开本: 24cm
丛书名:
单 册:
中图分类: G40-011
科图分类:
主题词: 教育目的--jiao yu mu de
电子资源:
ISBN: 978-7-5675-9310-7
000 01290nam0 2200265 450
001 0104125640
005 20201104125713.0
010    @a978-7-5675-9310-7@dCNY38.00
100    @a20200408d2020 em y0chiy50 ea
101 1  @achi@ceng
102    @aCN@b310000
105    @ay z 000yy
106    @ar
200 1  @a教育的目的@Ajiao yu de mu de@e全译本@dThe aims of education@f(英)怀特海(Alfred North Whitehead)著@g严中慧译@zeng
210    @a上海@c华东师范大学出版社@d2020.07
215    @a200页@d24cm
314    @a怀特海,(AlfredNorthWhitehead,1861-1947)英国数学家、哲学家、教育家。他曾任职于剑桥大学、伦敦大学和哈佛大学。怀特海关注教育,《教育的目的》是他的教育代表作。
330    @a《教育的目的》是由怀特海的一些演讲词组成,虽然这些演讲跨年份跨学科领域,但是彼此有机关联、一以贯之、理性而富于节奏,给人以启示。学生是有血有肉的人,教育的目的是为了学生走向自我发展。学生不能仅仅抱住知识的碎片,还要有文化,他们必须审美与共情。学生要避免呆滞思想,而应有活跃的智慧,因此教育必须合于节奏。
510 1  @aAims of education@zeng
606 0  @a教育目的@Ajiao yu mu de
690    @aG40-011@v5
701  1 @c(英)@a怀特海@Ahuai te hai@c(Whitehead, Alfred North)@f1861-1947)@4著
702  0 @a严中慧@Ayan zhong hui@4译
801  0 @aCN@bBJSZM@c20201104
905    @b1261598-601@dG40-011@e1121@f4
    
    教育的目的:全译本=The aims of education/(英)怀特海(Alfred North Whitehead)著/严中慧译.-上海:华东师范大学出版社,2020.07
    200页;24cm
    
    
    ISBN 978-7-5675-9310-7:CNY38.00
    《教育的目的》是由怀特海的一些演讲词组成,虽然这些演讲跨年份跨学科领域,但是彼此有机关联、一以贯之、理性而富于节奏,给人以启示。学生是有血有肉的人,教育的目的是为了学生走向自我发展。学生不能仅仅抱住知识的碎片,还要有文化,他们必须审美与共情。学生要避免呆滞思想,而应有活跃的智慧,因此教育必须合于节奏。
●
相关链接 在E读中查询图书 在五车中查询图书 在当当中查询图书 在豆瓣中查询图书


正题名:教育的目的     索取号:G40-011/1121         预约/预借

序号 登录号 条形码 馆藏地/架位号 状态 备注
1 1261598   212615981   第一样本阅览室/ [索取号:G40-011/1121] 在馆    
2 1261599   212615990   教育系资料室/ [索取号:G40-011/1121] 在馆    
3 1261600   212616007   教育系资料室/ [索取号:G40-011/1121] 在馆    
4 1261601   212616016   第四借阅区/ [索取号:G40-011/1121] 在馆    
唐山师范学院图书馆 欢迎您!
大连网信软件有限公司© 版权所有